| 000 | 00628nam a2200229Ia 4500 | ||
|---|---|---|---|
| 005 | 20250508164541.0 | ||
| 008 | 008 250505s9999 xx 000 0 eng d | ||
| 037 | _aReference | ||
| 040 |
_aFEDL _beng _cFEDL |
||
| 041 |
_aeng _2eng |
||
| 084 |
_a371.102, HAL _qFEDL |
||
| 100 |
_aHall Eric _9425695 |
||
| 245 | 0 | _aHuman relations in education | |
| 260 |
_aLondon, UK _bRoutledge _c1988 |
||
| 300 | _aviii,264p. | ||
| 365 |
_aGBP _b25 |
||
| 546 | _aMACESE | ||
| 650 |
_aTeacher-student relationship _9774093 |
||
| 700 |
_a Hall Carol _9778417 |
||
| 942 |
_cREF _h371.102, HAL |
||
| 999 |
_c1389746 _d1389746 |
||